000 00639nam a2200205Ii 4500
003 JO-AjNU
008 230605s9999||||xx |||||||||||||| ||und||
040 _aJO-AjNU
_bara
_erda
_cJO-AjNU
041 _aara
050 1 4 _aJF1358.A7.S5445
100 3 _aشيحا ، ابراهيم عبد العزيز ,
_eauthor
_916360
245 0 0 _aالادارة العامة
250 _a(د،ط)
264 3 1 _aالاسكندرية ، مؤسسة شباب الجامعة
300 _a287ص
336 _atext
_btxt
_2rdacontent
337 _aunmediated
_bn
_2rdamedia
338 _avolume
_bnc
_2rdacarrier
650 4 _aادارة عامة
_916361
999 _aA4829
_c8397
_d8397